| 000 | 00444nam a2200169Ia 4500 | ||
|---|---|---|---|
| 999 |
_c145 _d145 |
||
| 003 | OSt | ||
| 005 | 20210818124748.0 | ||
| 008 | 190216s9999||||xx |||||||||||||| ||und|| | ||
| 040 | _coclc | ||
| 082 |
_a297 _bHUS/G |
||
| 100 |
_aHusain, S A _98675 |
||
| 245 | 0 |
_aA Guide To Hajj / _cS A Husain |
|
| 260 |
_bKitab Bhavan, _c1977. _aNew Delhi: |
||
| 300 | _a89p | ||
| 650 | _aArabic | ||
| 942 |
_cBK _2ddc _h297 _iHUS/G _k297 _mHUS/G |
||